Zahraničná pomoc a jej dopady na vybrané rozvojové štáty bakalárska práca

Salvato in:
Dettagli Bibliografici
Autore principale: Orosová, Daniela
Ente Autore: Fakulta medzinárodných vzťahov EU. Katedra medzinárodných ekonomických vzťahov a hospodárskej diplomacie
Altri autori: Raneta, Leonid, 1982-
Natura: Libro
Lingua:slovacco
Pubblicazione: Bratislava 2019
Tags: Aggiungi Tag
Nessun Tag, puoi essere il primo ad aggiungerne!!

MARC

LEADER 00000nbm a2200000 4500
001 0255166
005 20190813100123.2
041 0 |a slo 
044 |a SK 
245 1 0 |a Zahraničná pomoc a jej dopady na vybrané rozvojové štáty  |b bakalárska práca  |c Daniela Orosová ; školiteľ: Leonid Raneta 
264 1 |a Bratislava  |c 2019 
300 |a 51 s. 
100 1 |a Orosová, Daniela 
700 1 |a Raneta, Leonid, 1982- 
710 2 |a Fakulta medzinárodných vzťahov EU. Katedra medzinárodných ekonomických vzťahov a hospodárskej diplomacie